| 000 | 02283nam a2200301 4500 | ||
|---|---|---|---|
| 001 | 337 | ||
| 003 | OSt | ||
| 005 | 20250528074018.0 | ||
| 008 | 250328b |||||||g |||| 00| 1 eng d | ||
| 040 | _bpor | ||
| 041 |
_hfre _apor |
||
| 082 |
_a843 _bV935c |
||
| 100 | 1 |
_aVoltaire, _d1694-1778 _9700 |
|
| 245 |
_aContos / _cVoltaire ; Tradução de Mario Quintana |
||
| 260 |
_aSão Paulo _bAbril _c1972 |
||
| 300 | _a672 p. | ||
| 490 | 1 |
_aOs imortais da Literatura Universal _vvol. 40 |
|
| 520 | _aEm O ingênuo, um príncipe huroniano chega na França e submete-se aos costumes franceses, tornando-se católico. Para isso um abade lhe deu um exemplar do Novo Testamento. Se apaixona pela madrinha de seu batismo. O romance mostra as diferenças entre o cristianismo primitivo e eclesiástico. No romance Micrômegas, Voltaire narra a visita de um enorme habitante de Sirius a Terra. Com oito léguas de altura, e mil sentidos, essa raça costuma viver mais de dez mil anos. Sob essa perspectiva vem a tona a finitude e a pequenez da Terra e seus habitantes. O ET diz que é na Terra que a felicidade mora, se dirigindo aos humanos, átomos inteligentes e imateriais. Um filósofo humano expõem ao visitante a brutalidade da existência carniceira na Terra, provocando ira e decepção no alienígena. O filósofo o dissuade de seu impulso de matar a todos com suas passadas. Em Zadig, Voltaire conta a história de um sábio babilônio. Ao defender a sua amada, Zadig é ferido no olho. Perde a visão desse olho. A amante, Samira, comprometre-se com outro homem. Zadig casa-se com uma camponesa. Testa a fidelidade da camponesa com um amigo, fingindo-se de morto. Traído, foge para o bosque. Adquirindo sapiência, torna-se amigo e ministro do rei. A rainha se apaixona por Zadig. O rei planeja matá-los e Zadig foge. Num transe vislumbra a ordem imutável do universo. A trajetória de Zadig prossegue. Ele é feito escravo, mas depois torna-se assessor de seu senhor | ||
| 650 | 0 |
_aLiteratura francesa _9122 |
|
| 650 | 0 |
_aHistorias curtas _967 |
|
| 650 | 0 |
_aHistória _9116 |
|
| 650 | 0 |
_aDrama _918 |
|
| 655 | 0 |
_aConto _968 |
|
| 655 | 0 |
_aFicção _922 |
|
| 700 |
_aMário Quintana _9506 |
||
| 830 |
_aOs Imortais da Literatura Universal _9461 _vvol. 40 |
||
| 942 |
_2ddc _n0 _cBK |
||
| 999 |
_c337 _d337 |
||